Taylor Swift - A Place in this World (Lyrics) - Statistics

General Stats
  • This quiz has been taken 10 times
  • The average score is 174 of 233
Answer Stats
Answer % Correct
a
100%
I
100%
in
100%
place
100%
place,
100%
this
100%
who
100%
world
100%
find
88%
girl
88%
I'm
88%
just
88%
Oh,
88%
Oh
88%
oh
88%
to
88%
trying,
88%
Trying
88%
alone,
75%
be
75%
but
75%
But
75%
'Cause
75%
do
75%
don't
75%
Don't
75%
down,
75%
down
75%
goes
75%
know
75%
life
75%
me
75%
my
75%
on
75%
on,
75%
own
75%
So
75%
all
63%
And
63%
ask
63%
I'll
63%
it
63%
Maybe
63%
mission
63%
more
63%
not
63%
okay
63%
road
63%
strong,
63%
that's
63%
the
63%
tomorrow's
63%
walking
63%
what
63%
what's
63%
wrong
63%
yeah,
63%
blue
50%
Could
50%
Even
50%
figure
50%
jeans
50%
need?
50%
one,
50%
out
50%
radio
50%
ready
50%
still
50%
tell
50%
though
50%
want
50%
way
50%
coming
38%
Feeling
38%
feels
38%
fly
38%
Got
38%
got
38%
heart
38%
lucky
38%
mystery
38%
old
38%
only
38%
rain
38%
see
38%
sleeve
38%
today,
38%
wearing
38%
you
38%
sunshine
25%
through
25%
No matching quizzes found
Score Distribution
Percent of People with Each Score
Percentile by Number Answered
Your Score History
You have not taken this quiz